01827nam a2200361 i 450000500170000000700030001700800410002002000150006104000350007604300120011108400110012310000340013424500720016825000230024026400260026330000480028933600270033733700330036433800280039749000180042552004560044352100530089953400280095265000530098065000520103365000400108570000320112570000380115794200120119599900150120795201190122295201240134120220317001338.0ta161108s2013 ck a gr 000 0 spa d a9580494681 aCO-BoRNBPbspaerdacCO-BoRNBP as-ck--- aA KEI11 aKeiko, Kasza,d1951- ,eautor10aCuando el elefante caminacKeiko Kaska ; traducción Mercedes Guhl aPrimera edición  1aBogotábNormac2013 a32 páginasbilustraciones a colorc24 cm atextobtxt2rdacontent asin mediaciónbn2rdamedia avolumenbnc2rdacarrier aBuenas noches aCuando el elefante camina asusta al oso sin querer. Entonces el oso sale corriendo y espanta al cocodrilo que, lleno de miedo, se lanza al agua para ponerse a salvo. Sin proponérselo, el cocodrilo asusta al jabalí, que se disponía a nadar en el río, pero al ver al reptil huye despavorido; y la cadena continúa... todos los animales espantados en medio de la confusión. La pregunta es, entonces, ¿quién puede asustar al enorme elefante? aRecomendado para niños de 2 años en adelante tWhen the elefant walks 17aÁlbumes infantiles japonesesySiglo XX2ARMARC17aLiteratura infantil japonesa ySiglo XX2ARMARC17aElefantesvÁlbum infantil2ARMARC1 aKeiko, Kasza,eautora997381 aGuhl, Mercedes,etraductora99739 2loccBK c6682d6682 00102ddc40708INFaMECUBARRbMECUBARRcSInfd2023-07-25l0pCUB00840r2023-07-25 16:34:43tEj.1w2023-07-25yBK 00102ddc40708INFaMEMACAREbMEMACAREcSInfd2024-10-10l0oC KpLM001225r2024-10-10 16:15:49tEj.1w2024-10-10yBK